000
00293nam a22001217a 4500
008
170712b xxu||||| |||| 00| 0 eng d
041
_a
eng
080
_2
24 ED
_a
038
100
_a
23
101
_a
FJA
245
_a
ILLUSTRATED STYEDMANS MEDICAL DICTIONARY
_c
WILKINS.W
942
_2
udc
_c
BK
999
_c
20324
_d
20324